[Event "2nd Danube Rapid Cup 2013"]
[Site "Kozloduy BUL"]
[Date "2013.11.02"]
[Round "9.2"]
[White "Baklan, Vladimir"]
[Black "Shengelia, David"]
[Result "1-0"]
[WhiteTitle "GM"]
[BlackTitle "GM"]
[WhiteElo "2627"]
[BlackElo "2543"]
[WhiteFideId "14102196"]
[BlackFideId "13601270"]
[EventDate "2013.11.01"]

1. e4 c5 2. Nf3 e6 3. g3 Nc6 4. Bg2 d6 5. O-O Nf6 6. Qe2 Be7 7. c3 Qb6 8. Rd1
O-O 9. d4 cxd4 10. cxd4 d5 11. e5 Ne4 12. Be3 Bd7 13. Ne1 Nb4 14. Na3 Na6 15. f3
Nc3 16. bxc3 Bxa3 17. f4 Nc7 18. Rab1 Nb5 19. Rb3 Rac8 20. Bd2 Rc4 21. Qe3 Rfc8
22. f5 Qa5 23. Bf1 Bf8 24. Bxc4 dxc4 25. Rbb1 Bc6 26. fxe6 fxe6 27. Ng2 Na3 28.
Rb2 Qd5 29. Bc1 b5 30. Rf2 a5 31. h4 b4 32. Bxa3 bxa3 33. Kh2 Rb8 34. Qf4 h6 35.
Qf7+ Kh7 36. Nf4 Qe4 37. Nxe6 Qg4 38. Nxf8+ Rxf8 39. Qxf8 Qxd1 40. Qf5+ Kh8 41.
Qc8+ 1-0

[Event "2nd Danube Rapid Cup 2013"]
[Site "Kozloduy BUL"]
[Date "2013.11.02"]
[Round "9.5"]
[White "Ivanisevic, Ivan"]
[Black "Rapport, Richard"]
[Result "1/2-1/2"]
[WhiteTitle "GM"]
[BlackTitle "GM"]
[WhiteElo "2619"]
[BlackElo "2680"]
[WhiteFideId "912417"]
[BlackFideId "738590"]
[EventDate "2013.11.01"]

1. g3 d5 2. Bg2 c6 3. Nf3 g6 4. c4 Bg7 5. Qa4 Nd7 6. cxd5 Nb6 7. Qb3 cxd5 8. O-O
e6 9. d3 Ne7 10. Nc3 O-O 11. Bf4 Nc6 12. Rfc1 h6 13. a4 e5 14. Bd2 Be6 15. Qd1
a5 1/2-1/2